DC Comics Character Chain #2 - Statistics

General Stats
  • This quiz has been taken 77 times
  • The average score is 13 of 25
Answer Stats
Hint Answer % Correct
Bald enemy of Superman Lex Luthor
94%
One of The Flash's rogues; uses a freeze ray to commit robbery Captain Cold
89%
God of War Ares
87%
Sidekick of The Flash Kid Flash
86%
Batman's most famous nickname Dark Knight
84%
DC's version of Deadpool; mercenary enemy of Batman Deathstroke
81%
Revived Robin's new codename Red Hood
81%
Batman's biological son Damian Wayne
78%
Vigilante in Gotham; uses a crossbow Huntress
70%
Nickname for The Flash Scarlet Speedster
62%
Robot member of the Justice League Red Tornado
60%
Detective of the Watchmen Rorschach
56%
Rhyming demon Etrigan
54%
Green Arrow's nickname Emerald Archer
44%
Has electrical powers; part of the Big Bang Static
40%
Wonder Woman's mother Hippolyta
37%
The second Blue Beetle Ted Kord
37%
Leader of the Orange Lanterns Larfleeze
33%
Protector of Rann Adam Strange
29%
Black Wonder Woman Nubia
25%
Evil counterpart of Supergirl (from an alternate earth) Overgirl
24%
Klarion the Witch Boy's cat Teekl
24%
Nickname of the Green Lantern Emerald Knight
17%
Drunk superhero of Gotham Sixpack
6%
Bully at Impulse's school Evil Eye
5%
No matching quizzes found
Score Distribution
Percent of People with Each Score
Percentile by Number Answered
Your Score History
You have not taken this quiz